| 000 | 01019nas a2200313 4500 | ||
|---|---|---|---|
| 001 | BR2012002444 | ||
| 003 | BR-BrBNA | ||
| 005 | 20231205120523.0 | ||
| 007 | ta | ||
| 008 | 230509b bl.|||p| |||| 00| 00por d | ||
| 040 |
_aBR-BrBNA _bpor _cBiblioteca Nacional de Agricultura |
||
| 041 | _a(Pt) | ||
| 072 | _aF06 | ||
| 100 | 1 | _aLima Júnior, J.A. de | |
| 100 | 1 | _aPereira, G.M. | |
| 100 | 1 | _aGeisenhoff, L.O. | |
| 100 | 1 | _aSilva, W.G. da | |
| 100 | 1 | _aVilas-Boas, R.C. | |
| 100 | 1 | _aLobato, A.K.S. | |
| 245 | 1 | _aComportamento produtivo e econômico da alface americana em função de diferentes lâminas de água | |
| 650 | _aLACTUCA SATIVA | ||
| 650 | _aIRRIGAÇÃO | ||
| 650 | _aEQUIPAMENTO AGRÍCOLA | ||
| 650 | _aESTUFA | ||
| 773 | 0 |
_tRevista Brasileira de Engenharia Agrícola e Ambiental (Brazil) _xISSN 1807-1929 _g(Nov 2011), v.15(11) p. 1161-1167 _wBR2012002444 |
|
| 856 | 4 | 0 | _uhttp://www.scielo.br/pdf/rbeaa/v15n11/08.pdf |
| 909 |
_a202311 _bLúcia _c55 _dLúcia Elande |
||
| 942 |
_2AGRIS _n0 _cANA |
||
| 999 |
_c218941 _d218941 |
||